Fr. Conceicao Rodrigues College of Engineering

Principles of computer security (Record no. 18372)

MARC details
000 -LEADER
fixed length control field 00369nam a2200169Ia 4500
082 ## - DEWEY DECIMAL CLASSIFICATION NUMBER
Classification number 5.8
Item number CON
100 ## - MAIN ENTRY--PERSONAL NAME
Personal name Conklin/Arthur WM
250 ## - EDITION STATEMENT
Edition statement 2
245 ## - TITLE STATEMENT
Title Principles of computer security
260 ## - PUBLICATION, DISTRIBUTION, ETC.
Name of publisher, distributor, etc. Tata Mc Graw hill Ltd.
Date of publication, distribution, etc. 2010
366 ## - TRADE AVAILABILITY INFORMATION
Publishers's discount category 25
300 ## - PHYSICAL DESCRIPTION
Extent 662
546 ## - LANGUAGE NOTE
Language note ENGLISH
-- Computers
650 ## - SUBJECT ADDED ENTRY--TOPICAL TERM
Topical term or geographic name entry element Security system
942 ## - ADDED ENTRY ELEMENTS (KOHA)
Koha item type BOOK
Holdings
Withdrawn status Lost status Damaged status Not for loan Collection Home library Current library Date acquired Source of acquisition Cost, normal purchase price Inventory number Total Checkouts Full call number Barcode Date last seen Cost, replacement price Price effective from Koha item type
        CRC Fr. Agnel's C.Rodrigues College of Engineering Fr. Agnel's C.Rodrigues College of Engineering 17/03/2023 Allied Publishers 487.50 3536 dt 21/03/2012   5.8 CON 22017 17/03/2023 650.00   BOOK